Redgrave's health and safety in factories (Record no. 5485)

000 -LEADER
fixed length control field 00879nam a22002537a 4500
003 - CONTROL NUMBER IDENTIFIER
control field OSt
005 - DATE AND TIME OF LATEST TRANSACTION
control field 20220419083654.0
008 - FIXED-LENGTH DATA ELEMENTS--GENERAL INFORMATION
fixed length control field 220419b ||||| |||| 00| 0 eng d
020 ## - INTERNATIONAL STANDARD BOOK NUMBER
International Standard Book Number 0406353093
020 ## - INTERNATIONAL STANDARD BOOK NUMBER
International Standard Book Number 9780406353092
020 ## - INTERNATIONAL STANDARD BOOK NUMBER
International Standard Book Number 0406353085
020 ## - INTERNATIONAL STANDARD BOOK NUMBER
International Standard Book Number 9780406353085
040 ## - CATALOGING SOURCE
Transcribing agency ALUPE UNIVERSITY
050 ## - LIBRARY OF CONGRESS CALL NUMBER
Classification number KD3168
Item number .R43 1988
100 ## - MAIN ENTRY--PERSONAL NAME
Personal name Alexander Redgrave;
245 ## - TITLE STATEMENT
Title Redgrave's health and safety in factories
Remainder of title 2nd cumulative supplement
Statement of responsibility, etc. Ian Fife, E. Anthony Machin consulting editors and Shaun Thorpe, Peter Stickland.
250 ## - EDITION STATEMENT
Edition statement 2nd ed
260 ## - PUBLICATION, DISTRIBUTION, ETC.
Place of publication, distribution, etc. London :
Name of publisher, distributor, etc. Butterworth,
Date of publication, distribution, etc. c1988.
300 ## - PHYSICAL DESCRIPTION
Extent viii, B483 pages :
Other physical details illustrations, forms ;
Dimensions 18 cm
650 ## - SUBJECT ADDED ENTRY--TOPICAL TERM
Topical term or geographic name entry element Factory laws and legislation -- Great Britain. Factory laws and legislation. Great Britain.
700 ## - ADDED ENTRY--PERSONAL NAME
Personal name Ian Fife;
700 ## - ADDED ENTRY--PERSONAL NAME
Personal name E Anthony Machin
942 ## - ADDED ENTRY ELEMENTS (KOHA)
Source of classification or shelving scheme
Koha item type Book
Suppress in OPAC BA
Holdings
Withdrawn status Lost status Source of classification or shelving scheme Damaged status Not for loan Permanent Location Current Location Shelving location Date acquired Source of acquisition Total Checkouts Full call number Barcode Date last seen Price effective from Koha item type Public note
          AU LIBRARY AU LIBRARY Open Shelf 19.04.2022 DONATION FROM MOI UNIVERSITY   KD3168 .R43 1988 28009189 19.04.2022 19.04.2022 Book BA

Powered by Koha